| 000 | 00427nam a22001457a 4500 | ||
|---|---|---|---|
| 005 | 20240805170553.0 | ||
| 008 | 240805b |||||||| |||| 00| 0 eng d | ||
| 041 | _aeng | ||
| 082 | _2GHO | ||
| 100 |
_aGhodke Trupti _9208027 |
||
| 245 |
_aA Study of the National Skill DevelopmentPolicy and its Impact on Employability in Pune _cGhodke Trupti |
||
| 260 |
_aPune _bSPPU _cMarch 2023 |
||
| 300 |
_a255p _bHard Bound |
||
| 942 | _cPH | ||
| 999 |
_c359246 _d359246 |
||